LEADER 01083nam a2200277 u 4500 001 000000037196 003 CaOOAMICUS 005 20070226113735.0 008 980403s1936 it u000 u ita u 035 $a10788980 040 $aPUL(R)$bita 110 1 $aItalia.$0(OLS)http://pul/name/1188 240 10$aLeggi, ecc.$9(Italia).$0(OLS)http://pul/title/1565 245 10$aCodice del medico del lavoro /$cAngelo Altarelli. 260 $aMilano :$bHoepli,$c1936. 300 $axxxii, 400 p. : ;$c16 cm 490 1 $aHoepli manuali 650 4$aMedicina.$0(OLS)http://pul/subject/17903 700 1 $aAltarelli, Angelo.$0(OLS)http://pul/name/27971 830 0$aHoepli manuali.$0(OLS)http://pul/title/50693 850 $aPUL 852 $aPUL$W1$xDP2 Diritto e Scienze Sociali 1$y65$m175 A 15$j50864$nBK-PRI$qStampati$B50864$CPULBib$Z2$F50864 $82 941 1 $a8 961 $aTimbro: Bibliotheca Pontificium Institutum Utriusque Iuris. 996 $6245$aCodice del medico del lavoro$9(OLS)http://pul/title/50692 996 $6260$aMilano :$bHoepli$9(OLS)http://pul/publisher/49407 LEADER 01635namaa2200337 a 4500 001 000000177019 003 CaOOAMICUS 005 20240701122528.0 008 240701s2023 it u000 u eng r 020 $a978-83-67065-42-9* 040 $aPUL$bita 082 1 $a230.2 100 1 $aSalij, Jacek,$cO.P,$d1942-$0(OLS)http://pul/name/61323 245 10$aOur faith /$cRev. Jacek Salij, O.P. ; translated by Filip Mazurczak ; foreword by Rev. Jerzy Szymik. 260 $aRoma :$bAngelicum University Press,$c2023$aWarsawa :$bFundacja ?wi?tego Miko?aja 300 $a624 pagine ;$c22 cm 500 $aSulla coperta: St. John Paul II Institute of Culture, Angelicum - Rome. 504 $aIndicazioni bibliografiche nelle note. 650 4$aFede$xTeologia.$0(OLS)http://pul/subject/40413 700 1 $aMazurczak, Filip,$d1988-$0(OLS)http://pul/name/113800 700 1 $aSzymik, Jerzy,$csacerdote,$d1953-$0(OLS)http://pul/name/113801 710 0 $aPontificia Universitas S. Thomae in Urbe. St. John Paul II Institute of Culture.$0(OLS)http://pul/name/113799 850 $aPUL 852 $aPUL$W1$xSL Religione 3$y85$m230. 2 SALJA 1$j201018$qDDC 21$B205975$CPULBib$Z2$F205975 $H137070 $82 941 1 $a9 996 $6020$a978-83-67065-42-9*$9(OLS)http://pul/number/169883 996 $6082$a230.2$9(OLS)http://pul/classification/486 996 $6245$aOur faith$9(OLS)http://pul/title/218536 996 $6260$aRoma :$bAngelicum University Press$9(OLS)http://pul/publisher/81644 996 $6260$aWarsawa :$bFundacja ?wi?tego Miko?aja$9(OLS)http://pul/publisher/87612